00348nam a22001097a 4500020000800000040001600008082001600024100002200040245009500062260004100157300004000198 qPB. cFIZZA ISHAQ a150.19bROG aRogers , Carl R.  aPerson to Person: The Problem of Being Human, A New Trend in Psychology /cCarl R. Rogers. aNew York:bReal People Press,c1967. a276 P. ;c7.87 x 5.51 x 1.57 inches